000 00435nam a2200169Ia 4500
003 GCL
008 140319s9999 xx 000 0 eng d
040 _aGCL /
_cGCL
082 0 4 _a301.M S
100 1 _aMACIENIS, JOHN
245 1 0 _aSOCIOLOGY /
_cMACIENIS, JOHN
260 _a[S.N] :
_bPRENTICE- HELL INTERNATIONAL, INC. ،
_c1995
300 _a708 P
650 0 4 _aSOCIOLOGY - CULTURE
650 0 4 _aINVESTIGATION
942 _2ddc
_cBK
999 _c10488
_d10488